000 00547nam a2200229Ia 4500
003 OSt
005 20220924142546.0
006 a|||||r|||| 00| 0
007 ta
008 ASM
024 _a302373
037 _cTextual
040 _aARTS
_cARTS
_bASM
041 _2ASM
_aASM
082 _aO111,3N07,1, 158N0
100 _aLuvelinar
_9213612
245 0 _aHow green was my valley
260 _c1990
650 _aENGLISH LITERATURE
942 _hO111,3N07,1, 158N0
_cTEXL
_2CC
999 _c451094
_d451094